书目信息 |
| 题名: |
铁路物资企业财务管理与统计分析
|
|
| 作者: | 金若楠 主编 | |
| 分册: | ||
| 出版信息: | 北京 中国铁道出版社 1984 |
|
| 页数: | 164页 | |
| 开本: | 25cm | |
| 丛书名: | ||
| 单 册: | ||
| 中图分类: | F530.68 | |
| 科图分类: | ||
| 主题词: | 铁路运输-物资企业-财务管理--高等学校--教材 , 物资企业-铁路运输-财务管理--高等学校--教材 , 财务管理-物资企业-铁路运输--高等学校--教材 , 铁路运输-物资企业-统计分析--高等学校--教材 , 物资企业-铁路运输-统计分析--高等学校--教材 , 统计分析-物资企业-铁路运输--高等学校--教材 | |
| 电子资源: | ||
| ISBN: | ||
| 000 | 01028nam0 2200313 45 | |
| 001 | 0184013168 | |
| 005 | 20040430143320.1 | |
| 010 | @dCNY1.15 | |
| 091 | @a4043.1029 | |
| 100 | @a19950703d1984 em y0chiy0121 ea | |
| 101 | 0 | @achi |
| 102 | @aCN@b110000 | |
| 105 | @ay z 000yy | |
| 106 | @ar | |
| 200 | 10 | @a铁路物资企业财务管理与统计分析@Atie lu wu zi qi ye cai wu guan li yu tong ji fen xi@f金若楠主编 |
| 210 | @a北京@c中国铁道出版社@d1984 | |
| 215 | @a164页@d25cm | |
| 300 | @a高等学校试用教材 | |
| 606 | @a铁路运输-物资企业-财务管理@x高等学校@x教材 | |
| 606 | @a物资企业-铁路运输-财务管理@x高等学校@x教材 | |
| 606 | @a财务管理-物资企业-铁路运输@x高等学校@x教材 | |
| 606 | @a铁路运输-物资企业-统计分析@x高等学校@x教材 | |
| 606 | @a物资企业-铁路运输-统计分析@x高等学校@x教材 | |
| 606 | @a统计分析-物资企业-铁路运输@x高等学校@x教材 | |
| 690 | @aF530.68@v3 | |
| 701 | 0 | @a金若楠@Ajin ruo nan@4主编 |
| 801 | 0 | @aCN@b上海图书馆@c20040430 |
| 801 | 2 | @aCN@bNLC@c20040430 |
| 905 | @f1@b112885@dF530.68@e1 | |
| 铁路物资企业财务管理与统计分析/金若楠主编.-北京:中国铁道出版社,1984 |
| 164页;25cm |
| 高等学校试用教材 |
| ISBN :CNY1.15 |
| ● |
| 相关链接 |
|
|
|
|
正题名:铁路物资企业财务管理与统计分析
索取号:F530.68/1
 
预约/预借
| 序号 | 登录号 | 条形码 | 馆藏地/架位号 | 状态 | 备注 |
| 1 | 0112885 | 000487217 | 第一借阅区/ [索取号:F530.68/1] | 在馆 | |
| 2 | 0112886 | 000488163 | 第一样本阅览室/ [索取号:F530.68/1] | 在馆 |